| 000 | 00554nam a22001817a 4500 | ||
|---|---|---|---|
| 003 | CEME | ||
| 005 | 20210628210437.0 | ||
| 008 | 210201b xxu||||| |||| 00| 0 eng d | ||
| 020 | _a0-521-54080-1 | ||
| 040 | _c. | ||
| 082 | _a006.32 CHU | ||
| 100 |
_aChua, Leon.O, Roska, Tamas _979435 |
||
| 245 | _aCellular neural networks and visual computing,foundation and applications | ||
| 260 |
_aINDIA _bCAMBRIDGE UNIVERSITY _c2003 |
||
| 300 | _aX,396P | ||
| 650 |
_aNEURAL NETWORKS .CELLULAR NEURAL NETWORKS AND VISUAL COMPUTING _979436 |
||
| 942 |
_cBK _2ddc |
||
| 999 |
_c584475 _d584475 |
||